Szczegóły MARC21

Rynek sportu : zarys problematyki /

003 -Nazwa inst., której nr kontr. jest w polu 001 [,]
    • @
    • Nazwa instytucji, której n kontrolny jest w polu 001
    • NUKAT
005 -DATA I CZAS OSTATNIEJ MODYFIKACJI [,]
    • @
    • pole kontrolne
    • 20241231103551.0
020 -Międzynarod. znormalizowany nr książki - ISBN [ , ]
    • a
    • Numer ISBN
    • 9788362390656 Find
020 -Międzynarod. znormalizowany nr książki - ISBN [ , ]
    • z
    • Błędny ISBN (P)
    • 9788362390659 Find
040 -Instytucja sporządzająca opis [ , ]
    • a
    • Instytucja, która sporządziła opis (NP)
    • GD 27/LK
    • c
    • Instytucja, która sporządziła rekord (NP)
    • GD 27/LKs
    • d
    • Instytucja, która zmodyfikowała rekord (P)
    • KR 122/AKs
    • d
    • Instytucja, która zmodyfikowała rekord (P)
    • SZCZ U/ML
942 -Rodzaj dokumentu [ , ]
    • c
    • Rodzaj dokumentu
    • Książka
100 -Hasło główne - nazwa osobowa [1, ]
    • a
    • Nazwa osobowa (NP)
    • Jedel, Joanna.
    • 9
    • KHW
    • 345539
245 -Strefa tytułu i oznaczenia odpowiedzialności [1,0]
    • a
    • Tytuł
    • Rynek sportu : Find
    • b
    • Ciąg dalszy tytułu (NP)
    • zarys problematyki / Find
    • c
    • Pozostałe elementy strefy tytułu i oznaczenia odpowiedzialności (NP)
    • Joanna Jedel, Waldemar Moska, Józef Zawadzki, Renata Kopczyk, Magdalena Kędzior, Maria Lubomańska-Palarczyk, Maciej Schwarz.
260 -Strefa adresu wydawniczego [ , ]
    • a
    • Miejsce wydania (P)
    • Gdańsk :
    • b
    • Nazwa wydawcy (P)
    • Wydawnictwo Uczelniane Akademii Wychowania Fizycznego i Sportu,
    • c
    • Data wydania (P)
    • 2015.
300 -Strefa opisu fizycznego [ , ]
    • a
    • Określenie formy książki i/lub objętość (NP)
    • 150, [1] s. :
    • b
    • Oznaczenie ilustracji (NP)
    • il. ;
    • c
    • Format (NP)
    • 24 cm.
336 -Typ zawartości [ , ]
    • a
    • Termin opisujący typ zawartości
    • Tekst
    • b
    • Kod określający zawartość
    • txt
    • 2
    • Źródło (terminu i kodu)
    • rdacontent
337 -Typ mediów [ , ]
    • a
    • Tryb odtwarzania
    • Bez urządzenia pośredniczącego
    • b
    • Kod typu mediów
    • n
    • 2
    • Źródło (terminu i kodu)
    • rdamedia
338 -Typ/rodzaj nośnika [ , ]
    • a
    • Hasło opisujące typ nośnika
    • Wolumin
    • b
    • Kod typu nośnika
    • nc
    • 2
    • Źródło (terminu i kodu)
    • rdacarrier
500 -Uwaga ogólna [ , ]
    • a
    • Uwaga ogólna (NP)
    • Na tylnej okł. błędny ISBN.
504 -Uwaga dot. bibliogr. załącznikowej [ , ]
    • a
    • Uwaga dot. bibliografii załącznikowej
    • Bibliogr. przy rozdz.
650 -Hasło przedmiotowe [ ,7]
    • a
    • Hasło przedmiotowe
    • Sport
    • x
    • Określnik rzeczowy
    • organizacja i administracja.
    • 2
    • Źródło terminu
    • kaba
    • 9
    • KHW
    • 130661
650 -Hasło przedmiotowe [ ,7]
    • a
    • Hasło przedmiotowe
    • Zawody sportowe
    • x
    • Określnik rzeczowy
    • środki bezpieczeństwa.
    • 2
    • Źródło terminu
    • kaba
    • 9
    • KHW
    • 353426
700 -Hasło dodatkowe - nazwa osobowa [1, ]
    • a
    • Nazwa osobowa (NP)
    • Moska, Waldemar Find
    • d
    • Daty biograficzne (NP)
    • (1962- ).
    • 9
    • KHW
    • 82214
700 -Hasło dodatkowe - nazwa osobowa [1, ]
    • a
    • Nazwa osobowa (NP)
    • Zawadzki, Józef Find
    • c
    • Dopowiedzenie inne niż daty biograficzne (NP)
    • (nauki o polityce).
    • 9
    • KHW
    • 345540
700 -Hasło dodatkowe - nazwa osobowa [1, ]
    • a
    • Nazwa osobowa (NP)
    • Kopczyk, Renata. Find
    • 9
    • KHW
    • 54117
700 -Hasło dodatkowe - nazwa osobowa [1, ]
    • a
    • Nazwa osobowa (NP)
    • Kędzior, Magdalena. Find
    • 9
    • KHW
    • 91294
700 -Hasło dodatkowe - nazwa osobowa [1, ]
    • a
    • Nazwa osobowa (NP)
    • Lubomańska-Palarczyk, Maria. Find
    • 9
    • KHW
    • 345541
700 -Hasło dodatkowe - nazwa osobowa [1, ]
    • a
    • Nazwa osobowa (NP)
    • Schwarz, Maciej. Find
    • 9
    • KHW
    • 345542
710 -Hasło dodatkowe - nazwa ciała zbiorowego [2, ]
    • a
    • Nazwa ciała zbiorowego lub nazwa geograficzna jako pierwszy element (NP)
    • Akademia Wychowania Fizycznego i Sportu im. Jędrzeja Śniadeckiego (Gdańsk).
    • b
    • Nazwa jednostki podrzędnej (P)
    • Wydawnictwo Uczelniane.
    • 4
    • Kod relacji
    • pbl
    • 9
    • KHW
    • 54628
920 -ISBN [ , ]
    • a
    • ISBN
    • 978-83-62390-65-6 Find
920 -ISBN [ , ]
    • z
    • Błędny ISBN
    • 978-83-62390-65-9 Find
Lokalizacja Status udost. Sygnatura Data inwentaryzacji Numer inwentarzowy
BM1Ekonomia i prawo w sporcie 372017-02-10WF.9958